This is business ethics : an introduction
| Main Author: | |
|---|---|
| Format: | Book |
| Published: |
Hoboken, NJ :
John Wiley & Sons, Inc. ,
2018
|
| Subjects: |
MARC
| LEADER | 00000cam a2200000 7i4500 | ||
|---|---|---|---|
| 001 | 0000235059 | ||
| 005 | 20190613.0 | ||
| 020 | |a 9781119055044 | ||
| 090 | 0 | 0 | |a 174.4 |b SCH |
| 100 | 1 | |a Scharding, Tobey | |
| 245 | 1 | 0 | |a This is business ethics : |b an introduction |c Tobey Scharding |
| 260 | |a Hoboken, NJ : |b John Wiley & Sons, Inc. , |c 2018 | ||
| 300 | |a 251p. ; |c 23cm. | ||
| 650 | 0 | |a Business ethics | |
| 999 | |a 00369702 |b BUKU |c PINJAMAN |e PERPUSTAKAAN KOMUNITI PETALING JAYA | ||